000 00808nam a2200217Ii 4500
003 JO-AjNU
008 230605s9999||||xx |||||||||||||| ||und||
017 _a1998/3/429
040 _aJO-AjNU
_bara
_erda
_cJO-AjNU
041 _aara
050 1 4 _aPJ6620 1998
100 3 _aتأليف أبو مغلي، سميح,
_eauthor
_935621
245 0 0 _aالأزهري اللغوي: أبو منصور محمد بن أحمد الأزهري صاحب معجم تهذيب اللغة وكتابة (( الزاهر ))
250 _aط1
264 3 1 _aعمان: دار الفكر للطباعة والتوزيع والنشر، 1998
300 _a153ص
336 _atext
_btxt
_2rdacontent
337 _aunmediated
_bn
_2rdamedia
338 _avolume
_bnc
_2rdacarrier
650 4 _aلغويون عرب - تراجم
_935622
999 _aA14724
_c18292
_d18292